| 000 | 00713cam a22002177a 4500 | ||
|---|---|---|---|
| 003 | MX-MxUPN | ||
| 005 | 20231019133954.0 | ||
| 008 | 230913s1976 mx| |||fr|||| 000 0 spa d | ||
| 040 |
_aMX-MxUPN _bspa |
||
| 050 | 4 |
_aHC135 _bP46 1976 |
|
| 100 | 1 |
_928606 _aPeña, Sergio de la, _d1931-1998 |
|
| 245 | _aEstado, desarrollo económico y proletariado | ||
| 250 | _aPrimera edición | ||
| 260 |
_aPuebla, México : _bUniversidad Autónoma de Puebla, _c1976 |
||
| 300 | _a35 páginas | ||
| 490 | 0 |
_aSerie controversia ; _v14 |
|
| 650 | 0 |
_91840 _aCapitalismo _zMéxico _xHistoria |
|
| 651 | 0 |
_93315 _aMéxico _xCondiciones económicas _ySiglo XX |
|
| 902 |
_aGCH130923 _bVíctorGodínez/191023 |
||
| 942 |
_2lcc _cFOLL |
||
| 999 |
_c210309 _d210309 |
||